Normal view
MARC view
- Tariff
Entry Topical Term
001 - CONTROL NUMBER
- control field: 20
003 - CONTROL NUMBER IDENTIFIER
- control field: OSt
005 - DATE AND TIME OF LATEST TRANSACTION
- control field: 20170412105742.0
008 - FIXED-LENGTH DATA ELEMENTS
- fixed length control field: 170412|| aca||aabn | a|a d
040 ## - CATALOGING SOURCE
- Original cataloging agency: OSt
- Transcribing agency: OSt
150 ## - HEADING--TOPICAL TERM
- Topical term or geographic name entry element: Tariff
- General subdivision: Law and legislation
- Geographic subdivision: Malaysia
670 ## - SOURCE DATA FOUND
- Source citation: Work cat.: (OSt): Malaysia jurisdiction governed 18, AKTA KASTAM 1967 (AKTA 235), PERATURAN-PERATURAN DAN PERINTAH , 2015

PORTAL AKMAL
E-MEL JKDM
AKMAL2U
G-BAM
u-PUSTAKA